[Event "1st Hotel Bern Open"]
[Site "Bern SUI"]
[Date "2006.12.27"]
[Round "3"]
[White "Klein,Fe"]
[Black "Domont,A"]
[Result "0-1"]
[WhiteElo "2189"]
[BlackElo "2391"]

1.e4 c5 2.Nf3 Nc6 3.Nc3 e6 4.d4 cxd4 5.Nxd4 Nf6 6.Nxc6 bxc6 7.e5 Nd5 8.Ne4 Qc7
9.f4 Rb8 10.c4 Bb4+ 11.Ke2 O-O 12.cxd5 cxd5 13.Nf2 f6 14.exf6 Rxf6 15.Be3 Rxf4
16.Bxf4 Qxf4 17.Qb3 Ba6+ 18.Nd3 Qg4+ 19.Ke3 Qe4+ 20.Kf2 Rf8+ 21.Kg3 Qg6+
22.Kh3 Qh5+ 23.Kg3 Bd6+ 24.Nf4 Rxf4  0-1

[Event "Masters"]
[Site "Singapore SIN"]
[Date "2006.12.27"]
[Round "4"]
[White "Gong Qianyun"]
[Black "Wen Yang"]
[Result "0-1"]
[WhiteElo "2278"]
[BlackElo "2416"]

1.e4 c5 2.Nf3 Nc6 3.Nc3 e6 4.d4 cxd4 5.Nxd4 Qc7 6.Be2 a6 7.Be3 Nf6 8.O-O Be7
9.f4 d6 10.a4 O-O 11.Kh1 Re8 12.Bg1 Bd7 13.Nb3 b6 14.Bf3 Rab8 15.Qe2 Bc8
16.Qc4 Bd8 17.Rad1 Bb7 18.Nd4 Ne7 19.Qe2 Ng6 20.g3 e5 21.Nf5 d5 22.Nxd5 Bxd5
23.exd5 Qd7 24.Ne3 exf4 25.gxf4 Qxa4 26.f5 Ne5 27.Bg2 b5 28.d6 Bb6 29.Nd5 Nxd5
30.Bxd5 Bxg1 31.Rxg1 Qh4 32.d7 Re7 33.Be6 Nxd7 34.Rxd7 fxe6 35.Qe5 Rxd7 36.Qxb8+ Qd8
37.Qe5 Qa8+  0-1

[Event "Weihnachtsopen Masters"]
[Site "Zurich SUI"]
[Date "2006.12.27"]
[Round "3"]
[White "Fleck,Ju"]
[Black "Nemcova,Kat"]
[Result "1-0"]
[WhiteElo "2429"]
[BlackElo "2139"]

1.e4 c5 2.Nf3 Nc6 3.d4 cxd4 4.Nxd4 e6 5.Nc3 a6 6.Be2 Qc7 7.O-O Nf6 8.Be3 Be7
9.f4 d6 10.Qe1 O-O 11.Rd1 Nxd4 12.Bxd4 b5 13.e5 Ne8 14.Bd3 Bb7 15.Ne4 Rd8
16.Nf6+ Bxf6 17.exf6 g6 18.Qg3 Qc6 19.Rde1 a5 20.Rf2 Qd5 21.c3 Rb8 22.Qh4 b4
23.Re3 bxc3 24.bxc3 h5 25.Rg3 e5 26.fxe5 dxe5 27.Qxh5 Ng7 28.Qh6  1-0

[Event "XVII Cracovia A"]
[Site "Krakow POL"]
[Date "2006.12.28"]
[Round "2"]
[White "Mickiewicz,P"]
[Black "Gritsak,O"]
[Result "1/2-1/2"]
[WhiteElo "2312"]
[BlackElo "2542"]

1.e4 c5 2.Nf3 e6 3.d4 cxd4 4.Nxd4 Nc6 5.Nc3 a6 6.Be3 Nf6 7.Bd3 Qc7 8.O-O b5
9.Nxc6 Qxc6 10.e5 Bb7 11.f3 Bc5 12.Qe2 Nd5 13.Nxd5 Qxd5 14.Bxc5 Qxc5+ 15.Kh1 d6
16.exd6 Qxd6 17.Rfd1 Qc5 18.a4 b4 19.Be4 Bxe4 20.Qxe4 O-O 21.Rd4 a5 22.Rad1 Rac8
23.R1d2 g6 24.h4 Qf5 25.Qxf5 gxf5 26.Kg1 Rc5 27.Kf2 Kg7 28.Ke2 Kf6 29.Kd1 h5
30.Rd8 Rxd8 31.Rxd8 f4 32.Kd2 Ke5 33.Rf8 f6 34.Ra8 Rd5+ 35.Ke2 Kd4 36.Ra6 Re5+
37.Kd2 Kc4 38.Rc6+ Kd5 39.Ra6 Kc4 40.b3+ Kd4 41.Rc6 Kd5 42.Rc4 Rf5 43.c3 bxc3+
44.Kxc3 Kd6 45.b4 axb4+ 46.Kxb4 Rd5 47.Rxf4 f5 48.Kc3 Ke5 49.Rc4 Rd1 50.a5 Ra1
51.Kb4 Kd5 52.Rc3 Kd4 53.Ra3 Rb1+ 54.Rb3 Ra1 55.f4 e5 56.fxe5 Kxe5 57.g3 Kd6
58.Rc3 Rb1+ 59.Ka4 Ra1+ 60.Kb5 Rb1+ 61.Ka6 Rb4 62.Rf3 Rg4 63.Kb6 Rb4+ 64.Ka6 Rg4
65.Ka7 Kc6 66.Rxf5 Rxg3 67.Rxh5 Rg7+  1/2-1/2

[Event "XVII Cracovia A"]
[Site "Krakow POL"]
[Date "2006.12.28"]
[Round "2"]
[White "Jakubowski,K"]
[Black "Kachur,A"]
[Result "1-0"]
[WhiteElo "2497"]
[BlackElo "2332"]

1.e4 c5 2.Nf3 e6 3.d4 cxd4 4.Nxd4 Nc6 5.Nc3 Qc7 6.Be2 a6 7.O-O Nf6 8.Kh1 Nxd4
9.Qxd4 Bc5 10.Qd3 b5 11.Bg5 Bb7 12.a3 b4 13.axb4 Bxb4 14.Bxf6 gxf6 15.Nd1 Bd6
16.Ne3 Bxh2 17.g3 Bxg3 18.fxg3 Qxg3 19.Ng2 Rg8 20.Qxg3 Rxg3 21.Kh2 Rg6 22.Bf3 Ke7
23.Rf2 Rag8 24.Ra3 Rh6+ 25.Kg1 Rg5 26.Re3 Bc6 27.c4 Rh3 28.Kf1 Rh1+ 29.Ke2 Rc5
30.Ne1 Rg1 31.b3 Ra5 32.Nc2 Ra2 33.Kd2 Rb1 34.Rh2 a5 35.e5 fxe5 36.Bxc6 dxc6
37.Rxh7 Rbb2 38.Rc3 a4 39.bxa4 Rxa4 40.Kc1 Rb8 41.Rf3 Rxc4 42.Rhxf7+ Kd6
43.Rd3+ Kc5 44.Re7 Rh8 45.Rxe6 Rh2 46.Rxe5+ Kb6 47.Rd2 Rxd2 48.Kxd2 Rh4 49.Kc3 Rh6
50.Ne3 Rh3 51.Kd4 Rh4+ 52.Kd3 Rh3 53.Kc4 Rh4+ 54.Kb3 Rh3 55.Kb4 Rh7 56.Nc4+ Kc7
57.Ra5 Kb7 58.Nd6+ Kb6 59.Nc8+  1-0

[Event "16th North American Open"]
[Site "Las Vegas USA"]
[Date "2006.12.28"]
[Round "5"]
[White "Pilar,R"]
[Black "Sevillano,E"]
[Result "1-0"]
[WhiteElo "1704"]
[BlackElo "2493"]

1.e4 c5 2.Nf3 Nc6 3.Nc3 e6 4.d4 cxd4 5.Nxd4 Qc7 6.Be2 a6 7.O-O b5 8.Nxc6 dxc6
9.Be3 Nf6 10.f4 b4 11.e5 bxc3 12.exf6 cxb2 13.Rb1 gxf6 14.Rxb2 Rb8 15.Rxb8 Qxb8
16.Bd4 Be7 17.Qa1 O-O 18.Bxf6 Bxf6 19.Qxf6 Qb6+ 20.Kh1 Qd8 21.Qh6 Kh8 22.Bd3 f5
23.Rb1 Rg8 24.a4 c5 25.Be2 Rg7 26.Bf3 Rg6 27.Qh3 Qd4  1-0

[Event "16th North American Open"]
[Site "Las Vegas USA"]
[Date "2006.12.28"]
[Round "5"]
[White "Aldama,D"]
[Black "Boekhoff,A"]
[Result "1-0"]
[WhiteElo "2454"]
[BlackElo "2299"]

1.e4 c5 2.Nc3 e6 3.Nf3 Nc6 4.d4 cxd4 5.Nxd4 a6 6.Be2 Qc7 7.O-O Nf6 8.Be3 Bb4
9.Na4 Be7 10.c4 Nxe4 11.Nxc6 dxc6 12.Qd4 Nf6 13.Nb6 c5 14.Nxa8 Qb8 15.Qf4 Qxa8
16.Qc7 Nd7 17.Rad1 Bd8 18.Qg3 O-O 19.Bf3 Bf6 20.Rd2 Ne5 21.Bxc5 Re8 22.b3 Bd7
23.Be4 Bc6 24.Bd4 Bxe4 25.Bxe5 Bg6 26.Bxf6 gxf6 27.Rfd1 Qc8 28.h4 h5 29.Rd7 Qc6
30.Rd8 Rxd8 31.Rxd8+ Kg7 32.Qd6 Qxd6 33.Rxd6 Be4 34.f3 Bc6 35.Kf2 f5 36.a4 Kf6
37.Rd8 f4 38.Rh8 Kg6 39.Rg8+ Kh6 40.Rb8 Kg6 41.b4 Bxa4 42.Rxb7 Bb3  1-0

[Event "Czech Christmas"]
[Site "Litomysl CZE"]
[Date "2006.12.28"]
[Round "3"]
[White "Rutkowski,M"]
[Black "Plischki,S"]
[Result "1-0"]
[WhiteElo "2296"]
[BlackElo "2389"]

1.e4 c5 2.Nf3 e6 3.Nc3 Nc6 4.d4 cxd4 5.Nxd4 Qc7 6.Ndb5 Qb8 7.Be3 Nf6 8.f3 a6
9.Nd4 Bb4 10.Qd2 d5 11.a3 Ba5 12.Nb3 Bc7 13.exd5 Nxd5 14.Nxd5 exd5 15.Qxd5 O-O
16.O-O-O Re8 17.Bd2 Be6 18.Qh5 Bxb3 19.cxb3 Bf4 20.Bc4 Bxd2+ 21.Rxd2 Ne5
22.Bd5 Qc7+ 23.Kb1 Re7 24.Rhd1 Rae8 25.f4 Ng6 26.g3 Nf8 27.Qf5 h6 28.Qd3 Nd7
29.Qc4 Nf6 30.Qxc7 Rxc7 31.Bf3 Kh7 32.b4 g5 33.fxg5 hxg5 34.Rc2 Rce7 35.Rd6 Kg7
36.Rc5 Nh7 37.b5 a5 38.b6 a4 39.Rc7 Re3 40.Bxb7 Nf6 41.Bc6 R8e5 42.b7 Rb3
43.Bxa4  1-0

[Event "Harmonie"]
[Site "Groningen NED"]
[Date "2006.12.29"]
[Round "7"]
[White "Hanley,C"]
[Black "Michielsen,J"]
[Result "1/2-1/2"]
[WhiteElo "2427"]
[BlackElo "2334"]

1.e4 c5 2.Nf3 e6 3.d4 cxd4 4.Nxd4 Nc6 5.Nc3 d6 6.Be2 Nf6 7.O-O Be7 8.Be3 O-O
9.f4 a6 10.a4 Qc7 11.Kh1 Re8 12.Bf3 Na5 13.g4 Nd7 14.g5 Nc4 15.Bc1 b6 16.Bg2 Bb7
17.Qg4 Bf8 18.Rf3 g6 19.Rh3 Bg7 20.Nde2 Nf8 21.b3 Na5 22.Ba3 Rad8 23.Rd1 Rd7
24.Rhd3 Red8 25.h4 Ba8 26.h5 Nc6 27.hxg6 fxg6 28.Qg3 Qb8 29.Na2 b5 30.axb5 axb5
31.Nb4 Ne7 32.c3 Ra7 33.Bc1 Rad7 34.Be3 Bb7 35.Qf2 Nc6 36.Nxc6 Bxc6 37.Bb6 Re8
38.Ng3 d5 39.exd5 Bxd5 40.Bxd5 exd5 41.f5 gxf5 42.Nxf5 Ne6 43.Bd4 Nxd4 44.cxd4 Rf7
45.Rf1 Ref8 46.Rf3 Qc8 47.Rf4 Qe6 48.Qf3 Kh8 49.Qf2 Qg6 50.Nh4 Qxg5 51.Rxf7 Rxf7
52.Qxf7 Qxh4+ 53.Kg2 Qg4+ 54.Kh2 Qh4+ 55.Kg2 Qg4+  1/2-1/2

[Event "Steinhart Mem"]
[Site "Herzeliya ISR"]
[Date "2006.12.29"]
[Round "7"]
[White "Shutzman,J"]
[Black "Lerner,K"]
[Result "0-1"]
[WhiteElo "2255"]
[BlackElo "2529"]

1.e4 c5 2.Nf3 e6 3.d4 cxd4 4.Nxd4 Nc6 5.Nc3 a6 6.Be3 Nf6 7.Be2 Bb4 8.Nxc6 bxc6
9.e5 Nd5 10.Bd2 Qc7 11.Nxd5 Bxd2+ 12.Qxd2 cxd5 13.f4 a5 14.O-O-O Ba6 15.Rhf1 O-O
16.f5 Rfc8 17.Bxa6 Rxa6 18.Qe2 Rc6 19.Rd2 Rc4 20.Qf2 Qxe5 21.fxe6 Qxe6 22.Re1 Re4
23.Red1 a4 24.a3 h6 25.Kb1 d4 26.Qf3 Qe5 27.Qd3 Rb8 28.Ka1 Qe6 29.Rb1 d5
30.Ka2 Qd6 31.g3 Qc5 32.Rbd1 Qb6 33.Rb1 Rc8 34.Rc1 Rc4 35.Qf3 Qe6 36.Kb1 Re3
37.Qf2 Qe4 38.Rf1 f6 39.Rfd1 Kf7 40.Ka2 h5 41.Kb1 Qg4 42.Ka2 Re4 43.Kb1 Kg6
44.Rg1 Re3 45.Rf1 Qe4 46.Rfd1 Kh7 47.Ka2 Kg6 48.Kb1 f5 49.Ka2 Kf6 50.Kb1 g6
51.Ka2 Rf3 52.Qg1 Kg7 53.Qg2 Kh6 54.Kb1 Re3 55.Qf2 Qe5 56.Ka2 Re4 57.Kb1 Qf6
58.Rf1 Kh7 59.Ka2 Rc7 60.Rfd1 Qb6 61.Rb1 Rb7 62.Qf3 Qb5 63.Qd1 Qc4+ 64.Ka1 Rbe7
65.Rc1 f4 66.gxf4 Rxf4 67.Qg1 Re2 68.Rxe2 Qxe2 69.Qg5 Qe3 70.Rb1 Qe4 71.Rc1 Rf2
72.h4 Rf7 73.Kb1 d3 74.cxd3 Qxd3+ 75.Ka1 Qd4 76.Rg1 Qe4 77.Qd8 Qd3 78.Rc1 d4
79.Qe8 Qb3 80.Qe1 Qe3 81.Qd1 d3 82.Rc3 Qe2 83.Qxd3 Qe1+ 84.Qb1 Qxh4 85.Rc1 Qd4
86.Rg1 Rf6 87.Qd1 Qf2 88.Rh1 Rf7 89.Qxa4 Rb7 90.Rb1 h4 91.Qe4 Rf7 92.Rh1 Rf4
93.Qe6 Kh6 94.Qg8 Qd4 95.Qb8 Kh5 96.Qb3 g5 97.Rd1 Qf6 98.Ka2 Qf7 99.Rd5 Rf3
100.Qc4 Rf5  0-1

[Event "16th North American Open"]
[Site "Las Vegas USA"]
[Date "2006.12.29"]
[Round "6"]
[White "Critelli,J"]
[Black "Bruno,Ro"]
[Result "0-1"]
[WhiteElo "2214"]
[BlackElo "2188"]

1.e4 c5 2.Nf3 Nc6 3.d4 cxd4 4.Nxd4 e6 5.Nc3 Nf6 6.Ndb5 d6 7.Bf4 e5 8.Bg5 a6
9.Na3 b5 10.Nd5 Be7 11.Bxf6 Bxf6 12.c3 Ne7 13.Nxf6+ gxf6 14.Bd3 Bb7 15.Qe2 Qc7
16.Nc2 d5 17.O-O-O O-O-O 18.f3 h5 19.Kb1 Rd6 20.Ne3 Kb8 21.exd5 Bxd5 22.c4 bxc4
23.Bxc4 Bxc4 24.Nxc4 Rc6 25.Ne3 Rc8 26.Qd2 f5 27.a3 Rc5 28.Rc1 f4 29.Rxc5 Qxc5
30.Nc2 Ka7 31.Rd1 Rc7 32.Qd3 a5 33.Rd2 Nc6 34.Qd6 Qb6 35.Rd5 Rb7 36.Qc5 Qxc5
37.Rxc5 Kb6 38.Rd5 f6 39.b3 Rg7 40.Rd2 f5 41.Kb2 e4 42.Ne1 Kc5 43.Kc3 h4
44.h3 Rg3 45.Rb2 exf3 46.Nxf3 Ne5 47.Rf2 Ng4 48.hxg4 fxg4 49.b4+ axb4+ 50.axb4+ Kb5
51.Kd3 Rxf3+ 52.gxf3 g3 53.Ke2 h3 54.Kf1 gxf2 55.Kxf2 Kxb4 56.Kg1 Kc3 57.Kh2 Kd3
58.Kxh3 Ke2 59.Kg2 Ke3 60.Kf1 Kxf3 61.Ke1 Kg2 62.Ke2 f3+  0-1

[Event "GM Multicoms"]
[Site "Paris FRA"]
[Date "2006.12.29"]
[Round "8"]
[White "Cornette,M"]
[Black "Bellaiche,A"]
[Result "1-0"]
[WhiteElo "2480"]
[BlackElo "2472"]

1.e4 c5 2.Nf3 e6 3.d4 cxd4 4.Nxd4 Nc6 5.Nc3 a6 6.Nxc6 bxc6 7.e5 Qc7 8.Qe2 c5
9.Bf4 Rb8 10.O-O-O Rb4 11.Ne4 Nf6 12.Nxf6+ gxf6 13.c4 Bb7 14.Qe3 Qb6 15.Qd2 Bc6
16.exf6 d5 17.a3 Ra4 18.Bd3 Qb3 19.Rhe1 Rxc4+ 20.Bxc4 Qxc4+ 21.Kb1 Kd7 22.Qe3 Qb5
23.Qe5 Qb7 24.Rd3 c4 25.Rg3 Kc8 26.Rg7 Be8 27.Re3 Bc5 28.Reg3 Kd7 29.Qh5 Kc6
30.Rg8 Rxg8 31.Rxg8 Bxa3 32.Qe2 Kd7 33.Be5 Qb5 34.f4 Bc5 35.f5 Qc6 36.Qg4 exf5
37.Qxf5+ Kd8 38.Bc3 Bb6 39.Qe5  1-0

[Event "GM Multicoms"]
[Site "Paris FRA"]
[Date "2006.12.29"]
[Round "8"]
[White "Abergel,T"]
[Black "Le Roux,JP"]
[Result "1-0"]
[WhiteElo "2474"]
[BlackElo "2494"]

1.e4 c5 2.Nf3 e6 3.Nc3 Nc6 4.d4 cxd4 5.Nxd4 d6 6.Be3 Nf6 7.Bc4 a6 8.Bb3 Be7
9.Qe2 Qc7 10.O-O-O b5 11.g4 Na5 12.g5 Nxb3+ 13.axb3 Nd7 14.h4 Bb7 15.f3 Nc5
16.h5 b4 17.Na4 O-O-O 18.g6 hxg6 19.hxg6 Rxh1 20.Rxh1 Bf6 21.Kb1 Nxa4 22.bxa4 Kb8
23.Qd2 e5 24.Nb3 fxg6 25.Qxb4 Rc8 26.Na5 Be7 27.c3 d5 28.Qxb7+ Qxb7 29.Nxb7 Kxb7
30.exd5 Rf8 31.Rh3 Bf6 32.Kc2 Kc7 33.Kd3 a5 34.Kc4 Kd7 35.b4 axb4 36.cxb4 g5
37.Rg3 Rc8+ 38.Bc5 Re8 39.Rg4 Rh8 40.a5 Rh1 41.Rg1 Rh2 42.a6 Rh8 43.Ra1  1-0

[Event "Masters"]
[Site "Singapore SIN"]
[Date "2006.12.29"]
[Round "7"]
[White "Chua Zheng Yuan,T"]
[Black "Liang Zhihua"]
[Result "1-0"]
[WhiteElo "1998"]
[BlackElo "2232"]

1.e4 c5 2.Nf3 e6 3.d4 cxd4 4.Nxd4 Nc6 5.Nc3 Qc7 6.Be2 a6 7.O-O Nf6 8.Kh1 Nxd4
9.Qxd4 Bc5 10.Qd3 b5 11.a3 Bb7 12.Bg5 h5 13.Bxf6 gxf6 14.f4 h4 15.h3 O-O-O
16.b4 Bb6 17.a4 bxa4 18.Nxa4 Rdg8 19.Nxb6+ Qxb6 20.Rfd1 Qc7 21.b5 axb5 22.Qd4 e5
23.Qb4 Rd8 24.Bxb5 d5 25.Ba6 Rd7 26.Ra5 d4 27.Rda1 Qb8 28.Qc5+ Rc7 29.Qd6 Rd8
30.Bxb7+ Rxb7 31.Rc5+ Rc7 32.Rxc7+ Qxc7 33.Ra8+ Kb7 34.Qa6+  1-0

[Event "Masters"]
[Site "Singapore SIN"]
[Date "2006.12.29"]
[Round "7"]
[White "Wen Yang"]
[Black "Lo Kin Mun,D"]
[Result "1-0"]
[WhiteElo "2416"]
[BlackElo "2034"]

1.e4 c5 2.Nc3 Nc6 3.Nf3 e6 4.d4 cxd4 5.Nxd4 Nf6 6.Nxc6 bxc6 7.e5 Nd5 8.Ne4 f5
9.exf6 Nxf6 10.Nd6+ Bxd6 11.Qxd6 Qb6 12.Bd3 c5 13.Qg3 O-O 14.O-O Ba6 15.c4 d6
16.b3 e5 17.Re1 Rae8 18.Bd2 Bb7 19.Rad1 Qc6 20.Qh3 g6 21.Bh6 Rf7 22.Bg5 e4
23.Be2 Nd7 24.Rd2 Re5 25.Red1 Rxg5 26.Rxd6 e3 27.f3 Ne5 28.Qh6 Rgf5 29.Rxc6 Nxc6
30.Qxe3 Re7 31.Qf2 Rfe5 32.Bf1 Nd4 33.Rxd4 cxd4 34.Qxd4 a5 35.Kf2 Kf7 36.a3 a4
37.b4  1-0

[Event "Weihnachtsopen Masters"]
[Site "Zurich SUI"]
[Date "2006.12.29"]
[Round "5"]
[White "Fleck,Ju"]
[Black "Fierz,M"]
[Result "1-0"]
[WhiteElo "2429"]
[BlackElo "2331"]

1.e4 c5 2.Nf3 e6 3.d4 cxd4 4.Nxd4 Nc6 5.Nc3 Qc7 6.Be3 a6 7.Qd2 Nf6 8.O-O-O Bb4
9.f3 Na5 10.Bf2 Bxc3 11.Qxc3 Qxc3 12.bxc3 b5 13.Nb3 Nc4 14.Bxc4 bxc4 15.Na5 d5
16.Bc5 Kd7 17.Bd4 Ke7 18.Rhe1 Bd7 19.Bc5+ Kd8 20.exd5 Nxd5 21.Nxc4 Rc8 22.Nd6 Rc6
23.Nxf7+ Ke8 24.Rxd5  1-0

[Event "15th Donau Open"]
[Site "Aschach an der Donau AUT"]
[Date "2006.12.30"]
[Round "6"]
[White "Samu,S"]
[Black "Mazi,L"]
[Result "1-0"]
[WhiteElo "2060"]
[BlackElo "2354"]

1.e4 c5 2.Nc3 Nc6 3.Nf3 e6 4.d4 cxd4 5.Nxd4 Qc7 6.Be2 a6 7.Be3 Nf6 8.Nxc6 bxc6
9.O-O d5 10.exd5 cxd5 11.Bf3 Bd6 12.h3 O-O 13.Ne2 Bb7 14.Rc1 Rfd8 15.Bg5 Be5
16.c3 h6 17.Be3 Ne4 18.Bxe4 dxe4 19.Qb3 Rd3 20.Rc2 Bd5 21.Qa4 f5 22.Bd4 Bd6
23.Nc1 Qe7 24.f4 Rg3 25.c4 Bb7 26.c5 Bc7 27.c6 Bc8 28.Ne2 Rd3 29.b4 Qd8 30.Rc4 g5
31.Be5 Bxe5 32.fxe5 Qc7 33.Rc5 Ra7 34.Qc2 Qb6 35.Qc4 Rd5 36.Nd4 Qd8 37.Nxf5 Rxc5
38.Qxc5  1-0

[Event "Steinhart Mem"]
[Site "Herzeliya ISR"]
[Date "2006.12.30"]
[Round "9"]
[White "Kaplan,S"]
[Black "Lerner,K"]
[Result "1/2-1/2"]
[WhiteElo "2402"]
[BlackElo "2529"]

1.e4 c5 2.Nf3 e6 3.d4 cxd4 4.Nxd4 Nc6 5.Nc3 a6 6.Nxc6 bxc6 7.Bd3 d5 8.O-O Nf6
9.Re1 Be7 10.e5 Nd7 11.Qg4 g6 12.Bh6 Rb8 13.Qh3 Rb4 14.g3 Rg8  1/2-1/2

[Event "Czech Christmas"]
[Site "Litomysl CZE"]
[Date "2006.12.30"]
[Round "7"]
[White "Berescu,A"]
[Black "Kaufeld,J"]
[Result "1-0"]
[WhiteElo "2485"]
[BlackElo "2308"]

1.e4 c5 2.Nf3 e6 3.d4 cxd4 4.Nxd4 Nc6 5.Nc3 d6 6.Be3 Nf6 7.f3 Be7 8.Qd2 O-O
9.O-O-O d5 10.exd5 Nxd5 11.Nxd5 Qxd5 12.Nxc6 Qxc6 13.Kb1 Qc7 14.Bd3 Rd8 15.Qe2 e5
16.Rhe1 Be6 17.Bd2 Qb6 18.Bc3 f6 19.Qe4 g6 20.Bc4 Bxc4 21.Qxc4+ Kf8 22.Rxd8+ Rxd8
23.a4 Qf2 24.Qe2 Qh4 25.g4 a6 26.f4 Bd6 27.fxe5 fxe5 28.Qf3+ Kg8 29.Qd5+ Kg7
30.Qxb7+ Kh8 31.Rxe5  1-0

[Event "Australian Open"]
[Site "Tuggeranong AUS"]
[Date "2006.12.30"]
[Round "3"]
[White "Bluvshtein,M"]
[Black "Goldenberg,I"]
[Result "1-0"]
[WhiteElo "2541"]
[BlackElo "2358"]

1.e4 c5 2.Nf3 Nc6 3.d4 cxd4 4.Nxd4 e6 5.Nc3 d6 6.Be3 Nf6 7.f3 Be7 8.Qd2 O-O
9.O-O-O a6 10.g4 Nd7 11.h4 Nde5 12.Be2 b5 13.Kb1 Rb8 14.Nxc6 Nxc6 15.Bg5 f6
16.Be3 Qa5 17.Rdg1 d5 18.Nxd5 Qd8 19.Nxe7+ Qxe7 20.g5 f5 21.Qc3 Qb7 22.Bc5 Re8
23.h5 fxe4 24.fxe4 e5 25.h6 g6 26.Rd1 Be6 27.Rd6 Nd4 28.Bxd4 Qxe4 29.Re1 exd4
30.Rxd4 Qb7 31.b3 Rbc8 32.Qd2 Bf5 33.Bd3 Bxd3 34.Rxe8+ Rxe8 35.Qxd3 Qe7 36.Rd5 Qa3
37.Rd8 Qe7 38.Qd5+ Kf8 39.Qf3+ Kg8 40.Rxe8+ Qxe8 41.Qd5+ Kf8 42.Qd4 Qe1+
43.Kb2 Ke7 44.a3 Ke6 45.Qf6+ Kd5 46.Qf7+ Kd6 47.Qxh7 Qe5+ 48.Ka2  1-0

[Event "1st Open"]
[Site "Illes Medes ESP"]
[Date "2006.12.31"]
[Round "5"]
[White "Calzetta,M"]
[Black "Maes,W"]
[Result "1/2-1/2"]
[WhiteElo "2344"]
[BlackElo "2304"]

1.e4 c5 2.Nf3 e6 3.d4 cxd4 4.Nxd4 Nc6 5.Nc3 Qc7 6.Be3 a6 7.Qd2 Nf6 8.O-O-O Bb4
9.f3 d5 10.a3 Be7 11.exd5 Nxd5 12.Nxd5 exd5 13.Bf4 Qb6 14.Nxc6 bxc6 15.Qe3 Qxe3+
16.Bxe3  1/2-1/2

[Event "1st Open"]
[Site "Illes Medes ESP"]
[Date "2007.01.02"]
[Round "7"]
[White "Menac Comas,J"]
[Black "Asis Gargatagli,H"]
[Result "0-1"]
[WhiteElo "2102"]
[BlackElo "2376"]

1.e4 c5 2.Nc3 e6 3.Nf3 Nc6 4.d4 cxd4 5.Nxd4 d6 6.Be3 Nf6 7.f4 e5 8.Nxc6 bxc6
9.fxe5 Ng4 10.Bg1 Nxe5 11.Be2 Be7 12.Bd4 O-O 13.O-O Be6 14.Qe1 Bh4 15.Bf2 Bf6
16.Rd1 Qe7 17.h3 g6 18.b3 Bg7 19.Bh4 g5 20.Bg3 f5 21.Bxe5 Bxe5 22.exf5 Bxf5
23.Bc4+ Kh8 24.Bd3 Bd4+  0-1

[Event "1st Open"]
[Site "Illes Medes ESP"]
[Date "2007.01.02"]
[Round "7"]
[White "Lillo Ferrer,J"]
[Black "Kurmann,O"]
[Result "1/2-1/2"]
[WhiteElo "2214"]
[BlackElo "2417"]

1.e4 c5 2.Nf3 e6 3.d4 cxd4 4.Nxd4 Nc6 5.Nc3 a6 6.Nxc6 bxc6 7.Bd3 d5 8.O-O Nf6
9.Qe2 Be7 10.b3 O-O 11.Bb2 Bb7 12.Rad1 Qc7 13.Rfe1 g6 14.Na4 c5 15.exd5 Nxd5
16.Be5 Qa5 17.c4 Nf6  1/2-1/2

[Event "Hilton Open"]
[Site "Basel SUI"]
[Date "2007.01.03"]
[Round "3"]
[White "Wilkins Borsani,N"]
[Black "Peredy,F"]
[Result "0-1"]
[WhiteElo "1935"]
[BlackElo "2311"]

1.e4 c5 2.Nf3 Nc6 3.Nc3 e6 4.d4 cxd4 5.Nxd4 Nf6 6.Ndb5 d6 7.Bf4 e5 8.Bg5 a6
9.Na3 Be6 10.Bd3 h6 11.Bxf6 Qxf6 12.Nc4 Qg5 13.O-O Be7 14.Nb6 Rd8 15.Ncd5 O-O
16.a4 g6 17.b4 f5 18.f3 Kh7 19.b5 Nb8 20.Nc7 Bg8 21.Nbd5 axb5 22.Bxb5 Nd7
23.Bxd7 Rxd7 24.Rb1 Bd8 25.Nb5 Be6 26.Qd3 h5 27.Nbc3 Qh6 28.Nb6 Bxb6+ 29.Rxb6 Bc4
30.Rxd6 Rxd6 31.Qxd6 Bxf1 32.Kxf1 Qg7 33.Ke2 Qf6 34.Qb4 Rf7 35.Qb3 Rg7 36.Nd5 Qg5
37.g3 fxe4 38.fxe4 Rf7 39.Ne3 Qf6 40.Kd3 Qd8+ 41.Ke2 Qf6 42.Kd3 Rd7+ 43.Ke2 Qc6
44.Nd5 Qe6 45.c4 Rf7 46.Ne3 Qh3 47.c5 Qxh2+ 48.Kd3 Rd7+ 49.Kc4 Qe2+ 50.Kb4 Rd4+
51.Nc4 Qxe4 52.Qc3 Qd5 53.Qc2 e4 54.g4 h4  0-1

[Event "XVII Cracovia A"]
[Site "Krakow POL"]
[Date "2007.01.03"]
[Round "8"]
[White "Firman,N"]
[Black "Solodovnichenko,Y"]
[Result "1/2-1/2"]
[WhiteElo "2495"]
[BlackElo "2574"]

1.e4 c5 2.Nf3 e6 3.d4 cxd4 4.Nxd4 Nc6 5.Nc3 d6 6.Be3 Nf6 7.Qd2 Be7 8.f3 O-O
9.O-O-O a6 10.h4 Nxd4 11.Bxd4 b5 12.Bxf6 gxf6 13.Kb1 Kh8 14.Bd3 Rg8 15.g4 Qb6
16.Qh6 Rg6 17.Qd2 Rg8 18.Ne2 a5 19.e5 fxe5 20.Qh6 Rg7 21.Ng3 Bb7 22.Nh5 Rag8
23.Nxg7 Rxg7 24.Rhf1 a4 25.Qd2 b4 26.c3 bxc3 27.Qxc3 Bxh4 28.Bc2 Bf2 29.Bxa4 Bd4
30.Qc1 Bd5 31.Qc2 Qb7 32.Rd3 Bc4 33.Rxd4 Bxf1 34.Bc6 Qc7 35.Rd1 Ba6 36.Qa4 Be2
37.Rd2 Bf1 38.Rd1 Be2 39.Rd2 Bf1 40.Rd1  1/2-1/2

[Event "Petrovskaya Ladya Open"]
[Site "Peterhof RUS"]
[Date "2007.01.03"]
[Round "1"]
[White "Donskov,Ana"]
[Black "Prokuronov,E"]
[Result "0-1"]
[WhiteElo "2060"]
[BlackElo "2292"]

1.e4 c5 2.Nf3 e6 3.d4 cxd4 4.Nxd4 Nc6 5.Nc3 Qc7 6.Be3 a6 7.Be2 b5 8.O-O Bb7
9.a3 Nf6 10.f4 Bc5 11.e5 Qb6 12.exf6 Nxd4 13.fxg7 Nxe2+ 14.Kh1 Rg8 15.Bxc5 Rxg7
16.Rf2 Ng3+ 17.hxg3 Qxc5 18.Qe2 Rxg3 19.f5 O-O-O 20.Raf1 Rh3+ 21.Kg1 Rh4
22.Re1 Bxg2 23.Qe3 Bc6  0-1

[Event "Australian Open"]
[Site "Tuggeranong AUS"]
[Date "2007.01.04"]
[Round "7"]
[White "Zhao Zong Yuan"]
[Black "Goldenberg,I"]
[Result "1-0"]
[WhiteElo "2455"]
[BlackElo "2358"]

1.e4 c5 2.Nf3 e6 3.d4 cxd4 4.Nxd4 Nc6 5.Nc3 d6 6.Be3 Nf6 7.Qd2 Be7 8.f3 O-O
9.g4 a6 10.O-O-O Nd7 11.h4 Nde5 12.Qf2 Bd7 13.g5 b5 14.Kb1 Nxd4 15.Bxd4 b4
16.Ne2 a5 17.f4 Nc6 18.f5 b3 19.cxb3 Nxd4 20.Nxd4 a4 21.Bc4 axb3 22.Bxb3 Ba4
23.Bxa4 Rxa4 24.Nc6 Qd7 25.Qc2 Rfa8 26.a3 Bf8 27.Rh3 exf5 28.exf5 Rf4 29.Nd4 Ra4
30.Rhd3 Rxh4 31.g6 Ra8 32.Qb3 Rh6 33.Qd5 Re8 34.gxh7+ Rxh7 35.Ka2 Re5 36.Qg2 Qa4
37.Rc1 Re8 38.Qd5 Re5 39.Qf3 Rh4 40.Nc6 Ree4 41.Rd5 Ref4 42.Qd3 Rh2 43.Rb5 Rff2
44.Rb8 d5 45.Rc3 Re2 46.Qxd5 Qh4 47.Ne5 Kh7 48.Nf3 Qf4 49.Rcb3 Bxa3 50.Nxh2 Rxh2
51.Qxf7  1-0

[Event "Australian Open"]
[Site "Tuggeranong AUS"]
[Date "2007.01.04"]
[Round "7"]
[White "Dizdarevic,M"]
[Black "Tredinnick,M"]
[Result "0-1"]
[WhiteElo "2110"]
[BlackElo "2189"]

1.e4 c5 2.Nf3 e6 3.d4 cxd4 4.Nxd4 Nc6 5.Nc3 Qc7 6.Be3 a6 7.Be2 Nf6 8.O-O Bb4
9.Na4 Be7 10.Nc3 O-O 11.Kh1 d6 12.f4 Nxd4 13.Bxd4 b5 14.e5 Nd7 15.Bd3 Bb7
16.Qg4 dxe5 17.fxe5 Nc5 18.Bxc5 Qxc5 19.Rae1 g6 20.Ne4 Qxe5 21.Nf6+ Qxf6
22.Rxf6 Bxf6 23.b3 Rad8 24.Qf4 Bc3 25.Rf1 e5 26.Qg3 b4 27.h3 a5 28.Qg5 Rd7
29.Rf2 e4 30.Qb5 Re7 31.Bc4 e3 32.Re2 Rd8 33.Bd3 Rd5 34.Qb6 Bd4 35.Qxb7 Rxb7
36.Be4 Rdd7 37.Bxb7 Rxb7 38.g3 Re7 39.Kg2 Bc3 40.Kf3 Bd2 41.Rh2 Rc7 42.Rh1 Rxc2
43.Rb1 Bc1  0-1

[Event "Open"]
[Site "Verona ITA"]
[Date "2007.01.04"]
[Round "3"]
[White "Tommasi,D"]
[Black "Miatello,A"]
[Result "1/2-1/2"]
[WhiteElo "2204"]
[BlackElo "2057"]

1.e4 c5 2.Nf3 e6 3.d4 cxd4 4.Nxd4 Nc6 5.Nc3 a6 6.Be2 Qc7 7.Be3 b5 8.Nxc6 Qxc6
9.Bf3 Bb7 10.e5 Qc7 11.Bxb7 Qxb7 12.O-O Ne7 13.Qd3 Nf5 14.a4 b4 15.Ne4 Rc8
16.c4 Be7 17.b3 O-O 18.Bf4 Nh4 19.Bg3 Ng6 20.Rad1 Rcd8 21.Nd6 Qc6 22.Qe2 f5
23.exf6 gxf6 24.h4 f5 25.h5 Nh4 26.Bxh4 Bxh4 27.h6 Rf6 28.Rd3 Rg6 29.Qf3 Qxf3
30.Rxf3 Be7 31.Rd1 Rb8 32.Rh3 Bf8 33.c5 Bxh6 34.Nc4 Bg7 35.Rxd7 Rc8 36.Rhd3 Rxc5
37.Kf1 f4 38.R3d6 a5 39.Ra7 Rgg5 40.Rxe6 Rgd5 41.Re8+ Bf8 42.Raa8 Rf5 43.f3 Kg7
44.Ke2 Rcd5 45.Rad8 Rc5 46.Kd3 h5 47.Ke4 Rf6 48.Rd7+ Kg8 49.Rd5 Rxd5 50.Kxd5 Rf5+
51.Kc6 Rg5 52.Re2 h4 53.Kb6 Bc5+ 54.Kc6 Be3 55.Kd6 Rg3 56.Nxe3 fxe3 57.Ke5 h3
58.gxh3 Rxf3 59.Ke4 Rxh3 60.Rxe3 Rh4+ 61.Kd5 Rh5+ 62.Kc6 Kf7 63.Kd6 Rh6+
64.Kd7 Ra6 65.Rf3+ Kg6 66.Kc7 Re6 67.Kd7 Ra6 68.Rd3 Kf5 69.Re3 Kf4  1/2-1/2

[Event "Petrovskaya Ladya Open"]
[Site "Peterhof RUS"]
[Date "2007.01.05"]
[Round "3"]
[White "Kobzar,A"]
[Black "Prokuronov,E"]
[Result "1-0"]
[WhiteElo "2094"]
[BlackElo "2292"]

1.e4 c5 2.Nf3 e6 3.d4 cxd4 4.Nxd4 Nc6 5.Nc3 Qc7 6.f4 a6 7.Nf3 Bc5 8.e5 d5
9.a3 f6 10.Qe2 Ba7 11.Bd2 fxe5 12.fxe5 Nge7 13.O-O-O O-O 14.Be3 Nxe5 15.Bxa7 Nxf3
16.Bf2 Ng5 17.Bg3 Qc5 18.Rd3 Bd7 19.Qh5 Rf5 20.Qd1 Bc6 21.b4 Qb6 22.Bd6 Ng6
23.Bc5 Qc7 24.g4 Rf7 25.Rg1 Nf4 26.Re3 e5 27.Re1 d4 28.Bc4 dxc3 29.Bd6 Rd8
30.Bxc7 Rxd1+ 31.Rxd1 Nge6 32.Bxe5 b5 33.Bxe6 Nxe6 34.Rd6 Bd7 35.Rxa6 h6
36.Bxc3 Nf4 37.Kb2 Nd5 38.Bd4 g5 39.Rxh6 Rf4 40.c3 Re4 41.Rg6+ Kf7 42.Rxg5 Re2+
43.Kb1 Bc6 44.Rf1+ Ke7 45.Re5+ Rxe5 46.Bxe5 Ne3 47.Rf4 Nc4 48.Bf6+ Ke6 49.a4 Nd6
50.a5  1-0

[Event "13th Festival A"]
[Site "Zupanja CRO"]
[Date "2007.01.06"]
[Round "4"]
[White "Predojevic,B"]
[Black "Perunovic,Mil"]
[Result "1/2-1/2"]
[WhiteElo "2587"]
[BlackElo "2547"]

1.e4 c5 2.Nf3 e6 3.d4 cxd4 4.Nxd4 Nc6 5.Nc3 Qc7 6.Be2 a6 7.O-O Nf6 8.Be3 Bb4
9.Na4 O-O 10.c4 Be7 11.Nc3 d6 12.Rc1 Nxd4 13.Qxd4 Nd7 14.Rfd1 b6 15.f3 Bb7
16.Bf1 Rfd8 17.Qd2 Rab8 18.Qf2 Ba8 19.Rd2 Rdc8  1/2-1/2